Tilastot visalle Kolumbia-visa

Klikkaa tästä pelataksesi tätä visaa!

Yleistilastot

  • Tätä visaa on pelattu 79 kertaa
  • Keskiarvotulos 14 / 18

Vastaustilastot

VihjeVastaus% Oikein
NaapurimaatVenezuela
98%
NaapurimaatBrasilia
98%
NaapurimaatPeru
96%
Virallinen kieliEspanja
96%
PääkaupunkiBogotá
93%
NaapurimaatEcuador
93%
NaapurimaatPanama
84%
Yllä olevasta kaupungista kotoisin ollut kuuluisa huumeparoni,
jonka omaisuuden arvo oli yli
30 miljardia dollaria ennen kuolemaansa
Pablo Escobar
80%
Pop-laulaja, jonka "hips don't lie"Shakira
80%
ValuuttaPeso
76%
Kolumbian koillisosa sijaitsee tämän
meren rannalla
Karibianmeri
71%
Kolumbia sijaitsee tällä tärkeällä
leveyspiirillä
Päiväntasaaja
71%
Kolumbia saa tätä enemmän kuin
mikään muu valtio, 324 cm vuodessa
Sade
64%
Entinen valtio (1819-1830), joka koostui
Kolumbiasta ja sen naapurimaista
{Suur}-Kolumbia
60%
Toiseksi väkirikkain kaupunkiMedellín
60%
Yllä olevan valtion ensimmäinen presidentti,
tunnetaan "vapauttajana"
Simón Bolívar
51%
Kolmanneksi väkirikkain kaupunkiCali
45%
"Sadan vuoden yksinäisyyden" kirjoittaja,
Nobel-palkinnon saanut
Gabriel García
Márquez
36%

Tulosjakauma

Persentiili vastausten määrän mukaan

Jokaisen tuloksen saaneiden osuus

Tuloshistoriasi

Et ole pelannut tätä visaa